Phương pháp Runge - Kutta và ứng dụng giải gần đúng phương trình vi phân thường

Kiến thức chuẩn bị; Phương pháp tìm nghiệm gần đúng Runge-Kutta; Ứng dụng Mathematica cho phương pháp Runge-Kutta.

Tallennettuna:
Bibliografiset tiedot
Päätekijä: Phạm Thị Quý
Muut tekijät: Lê Hải Trung TS. (Hướng dẫn)
Aineistotyyppi: Kirja
Kieli:Vietnamese
Julkaistu: Đà Nẵng Đại học Đà Nẵng 2013
Aiheet:
Tagit: Lisää tagi
Ei tageja, Lisää ensimmäinen tagi!
Thư viện lưu trữ: Mạng thư viện Đại học Đà Nẵng
LEADER 01658nam a2200361 4500
001 000019432
003 15867
005 20140429120433.0
008 140429s2013 viesd
041 |a vie 
082 1 4 |a 515.352  |b PH-Q 
100 |a Phạm Thị Quý 
245 |a Phương pháp Runge - Kutta và ứng dụng giải gần đúng phương trình vi phân thường  |c Phạm Thị Quý ; Lê Hải Trung hướng dẫn.  |k Luận văn Thạc sĩ 
260 |a Đà Nẵng  |b Đại học Đà Nẵng  |c 2013 
300 |a 64 tr., phụ lục 6 tr.  |c 29 cm.  |e Tóm tắt 
500 |a Luận văn thạc sĩ Khoa học. Chuyên ngành: Phương pháp toán sơ cấp. Mã số: 60.46.40. 
520 |a Kiến thức chuẩn bị; Phương pháp tìm nghiệm gần đúng Runge-Kutta; Ứng dụng Mathematica cho phương pháp Runge-Kutta. 
650 0 4 |a Phương trình vi phân thường  |v Luận văn tốt nghiệp  |x Phương pháp Runge - Kutta. 
653 |a Toán học 
653 |a Phương pháp Runge - Kutta. 
653 |a Phương pháp toán sơ cấp 
653 |a Phương trình vi phân thường 
700 1 |a Lê Hải Trung  |c TS.  |e Hướng dẫn 
OWN |a LSP 
AVA |a UDN50  |b LSP  |d 515.352 PH-Q  |e available  |t Error 5001 Not defined in file expand_doc_bib_avail.  |f 1  |g 0  |h N  |i 0  |k 1 
999 |a From the UDN01 
AVA |a UDN50  |b LSP  |d 515.352 PH-Q  |e available  |t Error 5001 Not defined in file expand_doc_bib_avail.  |f 1  |g 0  |h N  |i 0  |k 1 
TYP |a Monograph 
TYP |a Printed language 
980 |a Mạng thư viện Đại học Đà Nẵng